<?xml version="1.0" encoding="UTF-8"?>
<record
    xmlns:xsi="http://www.w3.org/2001/XMLSchema-instance"
    xsi:schemaLocation="http://www.loc.gov/MARC21/slim http://www.loc.gov/standards/marcxml/schema/MARC21slim.xsd"
    xmlns="http://www.loc.gov/MARC21/slim">

  <leader>03539nam a2200541Ia 4500</leader>
  <controlfield tag="001">1447</controlfield>
  <controlfield tag="008">241029s9999    xx            000 0 und d</controlfield>
  <datafield tag="010" ind1=" " ind2=" ">
    <subfield code="a">1347</subfield>
  </datafield>
  <datafield tag="041" ind1=" " ind2=" ">
    <subfield code="a">Espa&#xF1;ol</subfield>
  </datafield>
  <datafield tag="082" ind1=" " ind2=" ">
    <subfield code="a">CURSA &#xE2;&#x20AC;"T- EDU 0000469</subfield>
  </datafield>
  <datafield tag="245" ind1=" " ind2="0">
    <subfield code="a">Desarrollo de programa para mejora de rendimiento acad&#xE9;mico mediante el manejo de t&#xE9;cnicas y h&#xE1;bitos de estudios de los/as estudiantes de Primero (1ro) de Media del Centro Educativo On&#xE9;simo Jim&#xE9;nez, Nocturno. Per&#xED;odo 2009-2010.</subfield>
  </datafield>
  <datafield tag="260" ind1=" " ind2=" ">
    <subfield code="a">Santiago</subfield>
  </datafield>
  <datafield tag="300" ind1=" " ind2=" ">
    <subfield code="a">87</subfield>
  </datafield>
  <datafield tag="520" ind1=" " ind2=" ">
    <subfield code="a">5</subfield>
  </datafield>
  <datafield tag="630" ind1=" " ind2=" ">
    <subfield code="a">Programa de Intervenci&#xF3;n</subfield>
  </datafield>
  <datafield tag="630" ind1=" " ind2=" ">
    <subfield code="a">Redimiento acad&#xE9;mico</subfield>
  </datafield>
  <datafield tag="650" ind1=" " ind2=" ">
    <subfield code="a">Calidad Educativa</subfield>
  </datafield>
  <datafield tag="690" ind1=" " ind2=" ">
    <subfield code="a">Copiado sin cambios</subfield>
  </datafield>
  <datafield tag="700" ind1=" " ind2=" ">
    <subfield code="e">asesor</subfield>
    <subfield code="a">Contreras, Ana Dolores</subfield>
  </datafield>
  <datafield tag="700" ind1=" " ind2=" ">
    <subfield code="e">autor</subfield>
    <subfield code="a">Melenciano Hidalgo, Mirian</subfield>
  </datafield>
  <datafield tag="700" ind1=" " ind2=" ">
    <subfield code="e">autor</subfield>
    <subfield code="a">Grull&#xF3;n, Rossy Argentina</subfield>
  </datafield>
  <datafield tag="901" ind1=" " ind2=" ">
    <subfield code="a">{"1":"Melenciano Hidalgo","2":"Grull&#xF3;n"}</subfield>
    <subfield code="b">{"1":"Mirian","2":"Rossy Argentina"}</subfield>
  </datafield>
  <datafield tag="902" ind1=" " ind2=" ">
    <subfield code="a">1</subfield>
  </datafield>
  <datafield tag="903" ind1=" " ind2=" ">
    <subfield code="a">{"1":"Contreras"}</subfield>
    <subfield code="b">{"1":"Ana Dolores"}</subfield>
  </datafield>
  <datafield tag="904" ind1=" " ind2=" ">
    <subfield code="a">Maestr&#xED;a en</subfield>
  </datafield>
  <datafield tag="905" ind1=" " ind2=" ">
    <subfield code="a">Orientaci&#xF3;n Educativa e Intervenci&#xF3;n Psicopedag&#xF3;gica</subfield>
  </datafield>
  <datafield tag="906" ind1=" " ind2=" ">
    <subfield code="a">2</subfield>
  </datafield>
  <datafield tag="907" ind1=" " ind2=" ">
    <subfield code="a">NO APLICA</subfield>
  </datafield>
  <datafield tag="908" ind1=" " ind2=" ">
    <subfield code="a">NO APLICA</subfield>
  </datafield>
  <datafield tag="909" ind1=" " ind2=" ">
    <subfield code="a">Universidad Aut&#xF3;noma de Santo Domingo (UASD)</subfield>
  </datafield>
  <datafield tag="910" ind1=" " ind2=" ">
    <subfield code="a">NULL</subfield>
    <subfield code="b">NULL</subfield>
  </datafield>
  <datafield tag="911" ind1=" " ind2=" ">
    <subfield code="a">["1"]</subfield>
  </datafield>
  <datafield tag="912" ind1=" " ind2=" ">
    <subfield code="a">NO APLICA</subfield>
  </datafield>
  <datafield tag="913" ind1=" " ind2=" ">
    <subfield code="a">NULL</subfield>
  </datafield>
  <datafield tag="914" ind1=" " ind2=" ">
    <subfield code="a">01 de Junio de 2010</subfield>
  </datafield>
  <datafield tag="915" ind1=" " ind2=" ">
    <subfield code="a">28/11/19 12:11</subfield>
  </datafield>
  <datafield tag="916" ind1=" " ind2=" ">
    <subfield code="a">NULL</subfield>
  </datafield>
  <datafield tag="917" ind1=" " ind2=" ">
    <subfield code="a">NULL</subfield>
  </datafield>
  <datafield tag="918" ind1=" " ind2=" ">
    <subfield code="a">NO APLICA</subfield>
  </datafield>
  <datafield tag="919" ind1=" " ind2=" ">
    <subfield code="a">["169","242"]</subfield>
  </datafield>
  <datafield tag="520" ind1=" " ind2=" ">
    <subfield code="a">Este estudio comprende un programa de intervenci&#xF3;n que persigue el desarrollo de t&#xE9;cnicas de h&#xE1;bitos de estudios para la mejora del rendimiento acad&#xE9;mico de los estudiantes del Primer Grado del Nivel Medio del Centro Educativo On&#xE9;simo Jim&#xE9;nez Nocturno en la ciudad de Santiago; per&#xED;odo escolar 2009-2010.El esquema de este proyecto de investigaci&#xF3;n est&#xE1; basado en los modelos de John Elliot, el cual implica una espiral integradora que consiste en el an&#xE1;lisis del modelo de investigaci&#xF3;n-acci&#xF3;n el cual es parte del trabajo sobre problemas pr&#xE1;cticos.Las t&#xE9;cnicas que se aplican en atenci&#xF3;n a las fases del modelo de investigaci&#xF3;n para diagnosticar el problema, generar alternativas viables de soluci&#xF3;n que se influyen en el plan de acci&#xF3;n para evaluar la ejecuci&#xF3;n realizada a los fines de verificar el grado de logro alcanzado.Los ciclos o fases de esta planificaci&#xF3;n incluyen cuatro (4) etapas, inicial o diagn&#xF3;stica, la preparatoria de investigaci&#xF3;n, de intervenci&#xF3;n y etapa final. Permitieron la aproximaci&#xF3;n de la realidad, el acercamiento del problema, la justificaci&#xF3;n a la investigaci&#xF3;n y los objetivos planteados. Se define la metodolog&#xED;a a seguir la cual facilita el dise&#xF1;o para la intervenci&#xF3;n, donde se desarrollan los principales planes de acci&#xF3;n, interviniendo a todos los actores del proceso educativo con las estrategias metodol&#xF3;gicas.A trav&#xE9;s del proyecto de investigaci&#xF3;n se busca promover diferentes valores como, la responsabilidad, la autoestima, solidaridad, compa&#xF1;erismo, respeto, laboriosidad y comunicaci&#xF3;n efectiva, con la finalidad de una propuesta de cambio que sirva de modelo como experiencia replicable en situaciones similares.La valoraci&#xF3;n est&#xE1; orientada a que los centros educativos que implementen programas de intervenci&#xF3;n que desarrollen las t&#xE9;cnicas de h&#xE1;bitos de estudio de los estudiantes, a fin de que mejoren su rendimiento acad&#xE9;mico.</subfield>
  </datafield>
  <datafield tag="921" ind1=" " ind2=" ">
    <subfield code="a">11</subfield>
  </datafield>
  <datafield tag="922" ind1=" " ind2=" ">
    <subfield code="a">11</subfield>
  </datafield>
  <datafield tag="923" ind1=" " ind2=" ">
    <subfield code="a">0</subfield>
  </datafield>
  <datafield tag="924" ind1=" " ind2=" ">
    <subfield code="a">NO APLICA</subfield>
  </datafield>
  <datafield tag="942" ind1=" " ind2=" ">
    <subfield code="c">Tesis</subfield>
  </datafield>
  <datafield tag="999" ind1=" " ind2=" ">
    <subfield code="c">1347</subfield>
    <subfield code="d">1347</subfield>
  </datafield>
</record>
